02144nam a22002894a 4500003000900000005001700009008004100026017001800067040001300085041000800098044000700106082002600113110008600139245007300225260002900298300001100327520137100338650001901709650001401728650001201742650001201754650002101766650001301787650001901800650001501819651002001834BOLpUSFA20260520181057.0 t bo gr 001 | spa|| a4-1-7730-2025 aBOLpUSFA aspa cBO aBO 305.31bC579e 6to. aCentro de Investigación Social Tecnología Apropiada y Capacitación (CISTAC) a6to. Encuentro de trabajo en masculinidades y cuidados. Bolivia 2025 aLa Paz: bCISTAC, c2025 a58 p.  aSEXTO ENCUENTRO DE TRABAJO EN MASCULINIDADES Y CUIDADOS "POR EL SOSTENIMIENTO DE LA VIDA" CISTAC-Masculinidades, en coordinación con CIUDADANÍA-Comunidad de Estudio Sociales y Acción Pública y con el apoyo de We Effect y Pan para el Mundo, convocó y realizó el Sexto Encuentro de Trabajo en Masculinidades y Cuidados, titulado "Por el sostenimiento de la vida", llevado a cabo de manera virtual los días 21 y 22 de agosto de 2025. El encuentro tuvo como propósito general evaluar e identificar los principales desafíos para la inclusión de la agenda de cuidados dentro del Trabajo en masculinidades en el país, considerando los avances y reflexiones acumuladas hasta la fecha. Entre sus objetivos específicos se encontraban evaluar el proceso de incorporación de la agenda de cuidados en el Trabajo en masculinidades, informar y sensibilizar a la Red Boliviana de Trabajo en Masculinidades sobre el enfoque de ecocuidado y analizar la propuesta política que esta agenda representa en el marco de dicho trabajo. Para ello, el encuentro incluyó un panel dedicado al recorrido de los cinco encuentros anteriores de Masculinidades y Cuidados, un taller sobre ecocuidado desde el Trabajo en masculinidades y una mesa redonda estructurada que abordó los desafíos para avanzar en una agenda de cuidados dentro de este campo de acción. aMasculinidades aSeminario aMemoria aHombres aDerechos humanos aMachismo aMedio ambiente aEconomía aLatinoamérica